000 00859nam1a22002051i 4500
001 rc\4744892
005 20240726092614.0
035 _a(NLR Aleph) 008454819
090 _a7831981
_c7831981
100 _a20130416d1961 |||y0rusy50 ca
101 0 _arus
102 _aRU
105 _ay z |||||
200 1 _aОпыт передовиков и новаторов - всем колхозам Пермской области
_e[1-15]
_f[Пермск. обл. отд-ние О-ва по распространению полит. и науч. знаний, Пермск. обл. отд-ние Науч.-техн. о-ва сел. и лесного хозяйства]
210 _aПермь
_cБ. и.
_d1961
215 _a15 брошюр в обл.-папке
_d16
801 0 _aRU
_bNLR
_gpsbo
801 1 _aRU
_bELAR
_2rusmarc
852 _aNLR
_j61-2/2180
942 _cBOOK